[Event "Agzamov mem"]
[Site "Tashkent"]
[Date "1986.??.??"]
[Round "16"]
[White "Yermolinsky, Alex"]
[Black "Khasin, Alexander"]
[Result "1/2-1/2"]
[WhiteElo "2445"]
[BlackElo "2420"]

1.e4 c5 2.Nf3 Nc6 3.Bb5 g6 4.Bxc6 dxc6 5.h3 Bg7 6.Nc3 e5 7.d3 Qe7 8.Be3 Nf6
9.Qd2 O-O 10.Bh6 Nh5 11.Ne2 f6 12.Bxg7 Nxg7 13.O-O Be6 14.b3 Rad8 15.Qe3 Bf7
16.Nd2 Ne6 17.a4 Nd4 18.Nxd4 cxd4 19.Qh6 Be6 20.f4 exf4 21.Rxf4 Qg7 22.Qxg7+ Kxg7
23.Raf1 f5 24.exf5 Rxf5 25.Rxf5 Bxf5 26.Re1 Kf8 27.Kf2 Kf7 28.g4 Bc8 29.Kg3 h6
30.Nf3 c5 31.Ne5+ Kf6 32.Nc4 b6 33.h4  1/2-1/2

[Event "Tbilisi"]
[Site "Tbilisi"]
[Date "1986.??.??"]
[Round "?"]
[White "Gurgenidze, Bukhuti"]
[Black "Pekarek, Ales"]
[Result "1/2-1/2"]
[WhiteElo "2440"]
[BlackElo "2445"]

1.e4 c5 2.Nf3 Nc6 3.Bb5 Nf6 4.e5 Nd5 5.O-O e6 6.c4 Nde7 7.Nc3 Nf5 8.Bxc6 dxc6
9.d3 Be7 10.Ne4 O-O 11.Qe2 b6 12.Bg5 f6 13.Bf4 Kh8 14.Rad1 Nd4 15.Nxd4 cxd4
16.exf6 gxf6 17.Bg3 Rg8 18.f4 Rg7 19.Bh4 Bd7 20.Rde1 Qf8 21.Ng3 Re8 22.Qh5 Rg6
23.f5 exf5 24.Nxf5 Bb4 25.Rxe8 Qxe8 26.Qf3 Qe5 27.Qf4 Qxf4 28.Rxf4 Bxf5 29.Rxf5 Be7
30.a3 Kg8 31.h3 Kf7 32.g4 Ke6 33.Kf2 Rg8 34.Kf3 Rg7 35.Ke4 c5 36.b3 Rg8 37.Rh5 Rg7
38.Rd5 Rg8 39.Kf3 Rg7 40.Rh5 Rf7 41.Ke4 Bf8 42.a4 Rb7 43.Rd5 Be7 44.Bg3 a6
45.Rh5 Bf8 46.Rf5 Be7 47.Bf4 b5 48.cxb5 axb5 49.a5 b4 50.g5 fxg5 51.Bxg5 Bxg5
52.Rxg5 Kd6 53.Re5 Ra7 54.Rh5 Re7+ 55.Kf4 Kc6 56.Rh6+ Kb5 57.a6 Ra7 58.Ke4 Rxa6
59.Rxh7 Ra3 60.Kd5 Rxb3 61.Rb7+ Ka6 62.Rb8  1/2-1/2

[Event "Vienna op"]
[Site "Vienna"]
[Date "1986.??.??"]
[Round "?"]
[White "Dueckstein, Andreas"]
[Black "Zueger, Beat"]
[Result "1/2-1/2"]
[WhiteElo "2350"]
[BlackElo "2435"]

1.e4 c5 2.Nf3 Nc6 3.Bb5 g6 4.O-O Bg7 5.Re1 e5 6.Bxc6 dxc6 7.d3 Qe7 8.Nbd2 Nh6
9.Nc4 f6 10.a4 O-O 11.b3 Be6 12.Be3 Nf7  1/2-1/2

[Event "Vienna op"]
[Site "Vienna"]
[Date "1986.??.??"]
[Round "?"]
[White "Kindermann, Stefan"]
[Black "Wittmann, Walter"]
[Result "1/2-1/2"]
[WhiteElo "2495"]
[BlackElo "2410"]

1.e4 c5 2.Nf3 Nc6 3.Bb5 d6 4.O-O Bd7 5.c3 a6 6.Bxc6 Bxc6 7.Re1 g6 8.d4 cxd4
9.cxd4 Bg7 10.Nc3 Nf6 11.d5 Bd7  1/2-1/2

[Event "Vienna op"]
[Site "Vienna"]
[Date "1986.??.??"]
[Round "?"]
[White "Biriescu, Ioan"]
[Black "Wittmann, Walter"]
[Result "1/2-1/2"]
[WhiteElo "2320"]
[BlackElo "2410"]

1.e4 c5 2.Nf3 Nc6 3.Bb5 g6 4.O-O Bg7 5.c3 Nf6 6.Re1 O-O 7.h3 Ne8 8.d4 cxd4
9.cxd4 Nc7 10.Bf1 d5 11.e5 b5 12.Nc3 a6 13.Be3 Bb7 14.Qd2 Ne6 15.Ng5  1/2-1/2

[Event "Aarhus-B"]
[Site "Aarhus"]
[Date "1987.??.??"]
[Round "1"]
[White "Pedersen, Karl"]
[Black "Nielsen, NJ."]
[Result "1/2-1/2"]
[WhiteElo "2345"]
[BlackElo "2245"]

1.e4 c5 2.Nf3 Nc6 3.Bb5 g6 4.O-O Bg7 5.c3 a6 6.Bxc6 dxc6 7.Re1 c4 8.b3 cxb3
9.axb3 e5 10.Na3 b5 11.d4 exd4 12.cxd4 Ne7 13.Nc2 O-O 14.Ba3 Re8 15.Ne3 h6
16.Qc2 Kh7 17.Rad1 Bd7 18.h4 a5 19.Bc5 a4 20.Ra1 axb3 21.Qxb3 Kg8 22.Ne5 Bxe5
23.dxe5 Rxa1 24.Rxa1 Nc8 25.Rd1 Qc7 26.f4 Be6 27.Qc3 Rd8 28.Rxd8+ Qxd8 29.f5 Ba2
30.g3 Bb1 31.e6 Bxe4 32.Qe5 gxf5 33.e7 Nxe7 34.Bxe7 Qd7 35.Bf6 Qe6 36.Qd4 Kh7
37.h5 Bf3 38.Kf2 Bxh5 39.Qd8 Bg4 40.Ng2 Qe2+ 41.Kg1 Qd1+ 42.Qxd1  1/2-1/2

[Event "Andorra zt"]
[Site "Andorra"]
[Date "1987.??.??"]
[Round "?"]
[White "Antunes, Antonio"]
[Black "Garcia, Raul"]
[Result "1-0"]
[WhiteElo "2405"]
[BlackElo "2250"]

1.e4 c5 2.Nf3 Nc6 3.Bb5 g6 4.O-O Bg7 5.c3 e5 6.d4 cxd4 7.cxd4 exd4 8.Bf4 Nge7
9.Bd6 a6 10.Bc4 O-O 11.a4 b6 12.Nbd2 Na5 13.Ba2 Nb7 14.Ba3 Nc5 15.a5 d6 16.axb6 Bb7
17.e5 Nf5 18.exd6 Rc8 19.Nb3 Nxb3 20.Qxb3 Nxd6 21.Rac1 Qf6 22.Rxc8 Bxc8 23.b7 Nxb7
24.Bxf8 Bxf8 25.Nxd4 Nd6 26.Qd3 Bg7 27.Rd1 Bb7 28.Nc6 Bf8 29.Nd4 Bg7 30.Nf3 Bf8
31.Qd4 Qf5 32.Bd5 Nb5 33.Qd3 Bc8 34.Qxf5 Bxf5 35.Nd4 Nxd4 36.Rxd4 a5 37.b3 Bb4
38.Rc4 g5 39.Rc7 Bg6 40.g4 Kf8 41.Kg2 h5 42.h3 hxg4 43.hxg4 Kg7 44.Kf3 Kf6
45.Be4  1-0

[Event "AUT-ch"]
[Site "Austria"]
[Date "1987.??.??"]
[Round "3"]
[White "Brestian, Egon"]
[Black "Titz, Heimo"]
[Result "0-1"]
[WhiteElo "2335"]
[BlackElo "2290"]

1.e4 c5 2.Nf3 Nc6 3.Bb5 d6 4.O-O Bd7 5.Re1 a6 6.Bxc6 Bxc6 7.d4 cxd4 8.Nxd4 Nf6
9.Nc3 e6 10.Qf3 Be7 11.Nxc6 bxc6 12.e5 Nd5 13.Qg3 dxe5 14.Qxg7 Bf6 15.Qg3 Nxc3
16.Qxc3 Qd5 17.Bg5 Bxg5 18.Rad1 Qxa2 19.Qxc6+ Ke7 20.Rd7+ Kf6 21.Qc7 Rhf8
22.Qxe5+ Kg6 23.h4 Bf6 24.h5+ Kg7 25.h6+ Kg6 26.Qe4+ Kxh6 27.Re3 Qa1+ 28.Kh2 Bg5
29.Rh3+ Kg7 30.Qxh7+ Kf6 31.Qh5 Qc1 32.Rf3+ Ke5 33.Kg3 f5 34.Re3+ Bxe3 35.Qe2 Kf6
36.fxe3 Qxb2 37.Qh5 Qe5+ 38.Kf2 Qe4 39.Qh6+ Ke5 40.Qf4+ Qxf4+ 41.exf4+ Ke4  0-1

[Event "Wch U20"]
[Site "Baguio"]
[Date "1987.??.??"]
[Round "?"]
[White "Wessman, Richard"]
[Black "Fernandez Aguado, Enrique"]
[Result "1/2-1/2"]
[WhiteElo "2285"]
[BlackElo "2335"]

1.e4 c5 2.Nf3 Nc6 3.Bb5 d6 4.O-O Bd7 5.Re1 a6 6.Bxc6 Bxc6 7.d4 cxd4 8.Nxd4 Bd7
9.Nc3 e6 10.f4 Rc8 11.Kh1 Be7 12.Qf3 Qb6 13.Nb3 Nf6 14.Be3 Qc7 15.a4 b6 16.f5 O-O
17.Rad1 b5 18.axb5 axb5 19.Rd2 b4 20.Ne2 d5 21.Ng3 dxe4 22.Nxe4 Bc6 23.Nxf6+ Bxf6
24.Qg4 exf5 25.Qxf5 Rfe8 26.Nd4 Re5 27.Qf2 Rce8 28.Rde2 Bd7 29.Nf3 R5e6 30.Bd4 Be7
31.Ne5 Rf6 32.Qg3 Be6 33.Nd3 Qxg3 34.hxg3 Rh6+ 35.Kg1 Rd8 36.Re4 Bf8 37.Be3 Rg6
38.Ne5 Rxg3 39.Bf4 Rg6 40.Nxg6 hxg6 41.R1e2 Rd5 42.Rd2 Bc5+ 43.Kh2 Rh5+ 44.Kg3 Be7
45.Bd6 Bg5 46.Rde2 b3 47.cxb3 Bxb3 48.Be7 f6 49.Bb4 f5 50.Re8+ Kh7 51.Be7 Bc4
52.Re1 Bd2 53.Rd1 f4+ 54.Kf3 Be3 55.Ke4 g5 56.Rdd8 Kg6 57.Rh8 Rxh8 58.Rxh8 Bb5
59.Rc8 Bd7 60.Rc7 Bf5+ 61.Kf3  1/2-1/2

[Event "Wch U20"]
[Site "Baguio"]
[Date "1987.??.??"]
[Round "?"]
[White "Gdanski, Jacek"]
[Black "Degraeve, Jean Marc"]
[Result "1-0"]
[WhiteElo "2400"]
[BlackElo "2310"]

1.e4 c5 2.Nf3 Nc6 3.Bb5 d6 4.O-O Bd7 5.Re1 a6 6.Bxc6 Bxc6 7.c3 Nf6 8.d4 cxd4
9.cxd4 d5 10.e5 Ne4 11.Nbd2 e6 12.Nxe4 dxe4 13.Ng5 Qd7 14.Nxe4 h6 15.Nc3 Bb4
16.Be3 Bxc3 17.bxc3 Bd5 18.Qg4 O-O 19.c4 Bxc4 20.Rac1 b5 21.a4 Qb7 22.axb5 axb5
23.d5 Ra2 24.Qd4 Rb8 25.d6 h5 26.h3 g6 27.Qc5  1-0

[Event "Banja Vrucica"]
[Site "Banja Vrucica"]
[Date "1987.??.??"]
[Round "2"]
[White "Milovanovic, Rade"]
[Black "Lalic, Nedim"]
[Result "1-0"]
[WhiteElo "2430"]
[BlackElo "2360"]

1.e4 c5 2.Nf3 Nc6 3.Bb5 g6 4.O-O Bg7 5.c3 Nf6 6.Re1 O-O 7.h3 a6 8.Bxc6 bxc6
9.d4 cxd4 10.cxd4 d5 11.e5 Ne4 12.Nbd2 Nxd2 13.Bxd2 Qb6 14.Qa4 Bf5 15.Bb4 Rfe8
16.Rac1 a5 17.Ba3 Qb5 18.Qd1 a4 19.Rc5 Qa6 20.Qc1 Rec8 21.Rc3 Qb7 22.Nh4 Be6
23.f4 Qd7 24.Qc2 f6 25.Rc1 fxe5 26.fxe5 Bh6 27.Nxg6 c5 28.Rg3 cxd4 29.Nxe7+ Kh8
30.Qxc8+ Rxc8 31.Rxc8+ Qxc8 32.Nxc8 Bxc8 33.Be7 Be3+ 34.Kf1 Ba6+ 35.Ke1 h5
36.Bg5 Bg1 37.e6 Bb5 38.e7 Kh7 39.Bf6 d3 40.Rg7+ Kh6 41.Rg8  1-0

[Event "Bath zt"]
[Site "Bath"]
[Date "1987.??.??"]
[Round "?"]
[White "Botterill, George Steven"]
[Black "Delaney, John"]
[Result "1/2-1/2"]
[WhiteElo "2370"]
[BlackElo "2280"]

1.e4 c5 2.Nf3 Nc6 3.Bb5 e6 4.O-O Nge7 5.Re1 a6 6.Bxc6 Nxc6 7.d4 cxd4 8.Nxd4 d6
9.Nxc6 bxc6 10.Qg4 h5 11.Qg3 h4 12.Qc3 Bd7 13.h3 Rb8 14.Qd3 Be7 15.c4 O-O
16.Nc3 d5 17.exd5 cxd5 18.Rd1 Bc6 19.cxd5 exd5 20.Qxa6 Rb6 21.Qd3 Bc5 22.Be3 Bxe3
23.Qxe3 Rxb2 24.Qc5 Qf6 25.Nxd5 Bxd5 26.Rxd5 Rb5  1/2-1/2

[Event "Bern"]
[Site "Bern"]
[Date "1987.??.??"]
[Round "?"]
[White "Flueckiger, Christian"]
[Black "Franzoni, Giancarlo"]
[Result "0-1"]
[WhiteElo "2265"]
[BlackElo "2390"]

1.e4 c5 2.Nf3 Nc6 3.Bb5 e6 4.Bxc6 bxc6 5.e5 f6 6.O-O fxe5 7.Nxe5 Nf6 8.d4 cxd4
9.Qxd4 Be7 10.Nd2 Qc7 11.c4 c5 12.Qc3 O-O 13.b3 d6 14.Nef3 e5 15.Ng5 Qc6
16.Qd3 h6 17.Nge4 Bf5 18.Nxf6+ Rxf6 19.Qd5+ Qxd5 20.cxd5 Raf8 21.f3 e4 22.Bb2 exf3
23.Rxf3 R6f7 24.Re1 Bc8 25.Rfe3 Bg5 26.R3e2 Bg4 27.Nf3 Bxf3 28.gxf3 Rxf3
29.Re6 Bf6 30.Bxf6 R3xf6 31.Rxf6 Rxf6 32.Re8+ Kf7 33.Ra8 Rf5 34.Rxa7+ Kf6
35.a4 Rxd5 36.Kf2 Rd4 37.Ke3 Rh4 38.Rd7 Ke6 39.Rxg7 Rh3+ 40.Ke4 Rxb3 41.Rg6+ Kd7  0-1

[Event "Noviki-C"]
[Site "Budapest"]
[Date "1987.??.??"]
[Round "?"]
[White "Tompa, Janos"]
[Black "Nemeth, Zoltan"]
[Result "1/2-1/2"]
[WhiteElo "2415"]
[BlackElo "2360"]

1.e4 c5 2.Nf3 Nc6 3.Bb5 e5 4.d3 d6 5.Bc4 Be7 6.Nc3 Be6 7.Be3 a6 8.a4 Rb8
9.h3 h6 10.O-O Nf6 11.Nh4 g5 12.Ng6 Rg8 13.Nxe7 Nxe7 14.Bxe6 fxe6 15.Ne2 Ng6
16.g3 b6 17.Kh2 Rb7 18.c3 d5 19.a5  1/2-1/2

[Event "Buenos Aires BCA"]
[Site "Buenos Aires"]
[Date "1987.??.??"]
[Round "5"]
[White "Ricardi, Pablo"]
[Black "Restifa, Hector"]
[Result "1-0"]
[WhiteElo "2445"]
[BlackElo "2260"]

1.e4 c5 2.Nf3 Nc6 3.Bb5 g6 4.O-O Bg7 5.Re1 Nf6 6.c3 O-O 7.d4 cxd4 8.cxd4 d5
9.e5 Ne4 10.Bxc6 bxc6 11.Nbd2 c5 12.Nf1 Rb8 13.dxc5 Nxc5 14.Qd4 Qc7 15.Ne3 Ne6
16.Qc3 Qb7 17.Qd2 Rd8 18.b3 d4 19.Nc4 Qd5 20.Bb2 Ba6 21.Rac1 Rbc8 22.Na3 Rxc1
23.Bxc1 Nc5 24.Nc2 Nd3 25.Nb4 Qa5 26.Nxa6 Qxa6 27.Qe2 f6 28.Rd1 Nc5 29.Qxa6 Nxa6
30.Rxd4 Rc8 31.Be3 fxe5 32.Ra4 Rc6 33.g3 Nc7 34.Rxa7 Nd5 35.Ra8+ Kf7 36.Bd2 h6
37.Ra5 Ke6 38.Ra4 g5 39.Kf1 Rc2 40.Ke2 Rb2 41.Kd1 e4 42.Rxe4+ Kf5 43.Ra4 Nc3+
44.Bxc3 Bxc3 45.Rc4 Bf6 46.Rc2 Rb1+ 47.Ke2 g4 48.Nd2 Ra1 49.b4 Be5 50.b5 Rh1
51.Nf1  1-0

[Event "Cannes"]
[Site "Cannes"]
[Date "1987.??.??"]
[Round "?"]
[White "Sharif, Mershad"]
[Black "Gulko, Boris F"]
[Result "0-1"]
[WhiteElo "2450"]
[BlackElo "2525"]

1.e4 c5 2.Nf3 Nc6 3.Bb5 e6 4.O-O Nge7 5.c3 a6 6.Ba4 b5 7.Bc2 Bb7 8.Re1 Rc8
9.d4 cxd4 10.cxd4 Nb4 11.Bb3 Rxc1 12.Qxc1 Nd3 13.Qe3 Nxe1 14.Qxe1 Ng6 15.d5 Qb6
16.Nc3 Bc5 17.e5 O-O 18.Rd1 Nf4 19.Qd2 Nxd5 20.Nxd5 exd5 21.Bxd5 Bxd5 22.Qxd5 Bxf2+
23.Kf1 Be3 24.Qxd7 Qc5 25.Qd5 Qc2  0-1

[Event "Coimbatore"]
[Site "Coimbatore"]
[Date "1987.??.??"]
[Round "?"]
[White "Vasiukov, Evgeni"]
[Black "Pavanasam, Ananchaperumal"]
[Result "1/2-1/2"]
[WhiteElo "2490"]
[BlackElo "2360"]

1.e4 c5 2.Nf3 Nc6 3.Bb5 g6 4.O-O Bg7 5.Re1 e5 6.Bxc6 dxc6 7.d3 Ne7 8.Nbd2 O-O
9.Nc4 f6 10.Be3 b6 11.a4 a5 12.b4 axb4 13.a5 bxa5 14.Bxc5 Be6 15.Nfd2 Bh6
16.Nb3 a4 17.Nb6 Rb8 18.Nxa4 Rf7 19.Qe2 Nc8 20.d4 Bxb3 21.cxb3 exd4 22.Rad1 Rd7
23.Bxd4 Bg7 24.Nc5 Rd6 25.Be3 Rb5 26.Ne6 Qe7 27.Nxg7 Kxg7 28.h3 Re6 29.f3 Nd6
30.Ra1 Nf7 31.Ra7 Rb7 32.Rea1 Rd6 33.R7a6 Qe5 34.Rc1 Rbd7 35.Raxc6 Rd3 36.Rb1 Ng5
37.Bxg5 fxg5 38.Rc2 h5 39.Qe1 R7d4 40.Re2 Rc3 41.Rd2 g4 42.hxg4 hxg4 43.fxg4 Qxe4
44.Qxe4 Rxe4 45.g5 Rf4 46.Rd7+ Kg8 47.Rb7 Rg3 48.Rb5 Rc3 49.Rb2 Kg7 50.Rb7+ Kg8
51.Kh2 Rh4+ 52.Kg1 Rf4 53.Ra2 Rxb3 54.Ra8+ Rf8 55.Ra6 Rf7 56.Rxg6+ Kh7 57.Rh6+ Kg7
58.Rb5 Rb2 59.Rd6 Rff2 60.Rb7+ Rf7 61.Rbb6 Rff2 62.Kh1 b3 63.g6 Rbd2 64.Rb7+ Kg8
65.Rxd2 Rxd2 66.Rxb3 Kg7 67.Rb6 Rd5 68.Kh2 Rg5 69.Kh3 Kh6 70.g3 Rf5 71.Kg4 Rf1
72.Re6 Rf2 73.Ra6 Rf1 74.g7+ Kxg7 75.Kg5 Rf7 76.Rg6+ Kh7 77.Rf6 Rg7+ 78.Kh4 Ra7
79.Kh5 Ra5+ 80.Kg4 Kg7 81.Re6 Kf7 82.Rd6 Kg7 83.Kf4 Kf7 84.Ke4 Rg5 85.Kf3 Rf5+
86.Kg4 Ra5 87.Rd7+ Kg6 88.Rd6+ Kf7 89.Rb6 Kg7 90.Kh4 Ra4+ 91.g4 Ra5 92.Rb7+ Kg6
93.Rb6+ Kg7 94.Rc6 Rb5 95.Rc7+ Kg6 96.Rc6+ Kg7 97.Ra6 Rc5 98.Ra1 Kg6 99.Ra8 Kg7
100.Rb8 Ra5 101.Rb4 Kg6 102.Rb7 Rc5 103.Ra7 Rb5 104.Ra6+ Kg7 105.Kg3 Rb3+
106.Kh4 Rb5 107.Re6 Ra5 108.Kg3 Kf7 109.Rd6 Kg7 110.Kf4 Ra4+ 111.Kf5 Ra5+
112.Ke4 Rg5 113.Kf4 Ra5 114.Re6 Ra4+ 115.Kf5 Ra5+ 116.Re5 Ra7 117.Kg5 Rb7
118.Kh5 Ra7 119.Rg5+ Kh7 120.Rb5 Kg7 121.g5 Rc7 122.Ra5 Rb7 123.Ra6 Rc7 124.Rg6+ Kh7
125.Ra6 Kg7 126.Ra8 Rb7  1/2-1/2

[Event "Debrecen"]
[Site "Debrecen"]
[Date "1987.??.??"]
[Round "10"]
[White "Suetin, Alexey S"]
[Black "Gauglitz, Gernot"]
[Result "1-0"]
[WhiteElo "2400"]
[BlackElo "2480"]

1.e4 c5 2.Nf3 Nc6 3.Bb5 g6 4.O-O Bg7 5.Re1 e5 6.Bxc6 dxc6 7.d3 b6 8.Nbd2 Qc7
9.Nc4 Be6 10.Bd2 Ne7 11.Ncxe5 O-O-O 12.Bf4 Qb7 13.Ng5 Ng8 14.Nxe6 fxe6 15.Qg4 Re8
16.Nc4 Bf8 17.Be5 Nh6 18.Qh3 Rg8 19.Bd6 Nf7 20.Bxf8 Rgxf8 21.Qxh7 Qc7 22.Qh3 Kb8
23.Qg3 e5 24.Re3 Nd8 25.Rf3 Rxf3 26.Qxf3 b5 27.Ne3 Qg7 28.a4 b4 29.Qg4 Ne6
30.Rf1 Qf6 31.Qd1 Nf4 32.Ng4 Qg5 33.f3 Rd8 34.Qe1 Qe7 35.b3 Qd6 36.Qe3 g5
37.Qf2 Rh8 38.Kh1 Kb7 39.Ne3 Qh6 40.g3 Ne6 41.Nf5 Qh7 42.Qd2 a5 43.Rf2 Qd7
44.Kg1 Kb6 45.Qc1 Rf8 46.Kg2 Ka6 47.Qb2 Qc7 48.c3 Rb8 49.Ne3 Rb7 50.Ng4 c4
51.dxc4 bxc3 52.Qxc3 Nd4 53.Rb2 c5 54.Ne3 Qf7 55.Nf5 Rd7 56.Nxd4 Rxd4 57.Rd2 Qd7
58.Rxd4 cxd4 59.Qd3 Kb6 60.c5+ Kxc5 61.Qc4+ Kb6 62.Kf2 g4 63.fxg4 d3 64.Qb5+ Qxb5
65.axb5 Kxb5 66.Ke3 Kb4 67.Kxd3  1-0

[Event "Dortmund-B"]
[Site "Dortmund"]
[Date "1987.??.??"]
[Round "?"]
[White "King, Daniel J"]
[Black "Doery, Jeno"]
[Result "1/2-1/2"]
[WhiteElo "2475"]
[BlackElo "2375"]

1.e4 c5 2.Nf3 Nc6 3.Bb5 g6 4.O-O Bg7 5.c3 a6 6.Bxc6 dxc6 7.d4 cxd4 8.cxd4 Nf6
9.Nc3 Bg4 10.Be3 O-O 11.h3 Bxf3 12.Qxf3 Qa5 13.Rfd1 Rad8 14.a3 e5 15.b4 Qc7
16.Rac1 exd4 17.Bxd4 Nd7 18.Nd5 Qd6 19.Bxg7 Kxg7 20.Nb6 Ne5 21.Qc3 Qf6 22.a4 Rfe8
23.a5 g5 24.f3 h5 25.Na4 Rxd1+ 26.Rxd1 Re7 27.Nc5 g4 28.fxg4 hxg4 29.Qg3 Qg6
30.Rd8 gxh3 31.Qxh3 Qh7 32.Qg3+ Ng6 33.Qc3+ Ne5 34.Rb8 Qh5 35.Qg3+ Ng6 36.Rd8 Qe2
37.Kh2 Re5 38.Kg1 Qb2 39.Qe1 Rg5 40.Qd2 Qb1+ 41.Kf2 Rg4 42.Qc3+ Kh7 43.Rh8+ Nxh8
44.Qh3+ Kg7 45.Qxg4+ Ng6 46.e5 Qb2+ 47.Kg1 Qxe5 48.Nxb7 Qe1+  1/2-1/2

[Event "BUL-ch"]
[Site "Elenite"]
[Date "1987.??.??"]
[Round "9"]
[White "Georgiev, Krum"]
[Black "Zlatilov, Ivailo"]
[Result "1-0"]
[WhiteElo "2470"]
[BlackElo "2385"]

1.e4 c5 2.Nf3 Nc6 3.Bb5 e6 4.O-O Nge7 5.b3 Nd4 6.Nxd4 cxd4 7.c3 a6 8.Bd3 Nc6
9.cxd4 Nxd4 10.Bb2 Bc5 11.Qg4 Qf6 12.Nc3 Qg6 13.Qh3 e5 14.Kh1 d6 15.Qh4 Qg4
16.Qxg4 Bxg4 17.f4 exf4 18.Rxf4 Be6 19.Nd5 Rc8 20.Raf1 f6 21.Rh4 h5 22.Nf4 Bf7
23.g4 g5 24.Rxh5 Bxh5 25.Nxh5 Rf8 26.Bc4 Rc7 27.Kg2 Nc6 28.Bxf6 Bd4 29.Bxg5 Rxf1
30.Kxf1 Ne5 31.Nf6+ Kd8 32.Nd5+ Kc8 33.Nxc7 Kxc7 34.Be2 Nf7 35.Bh4 Be5 36.Kg2 Bf4
37.Be1 Ng5 38.d3 Ne6 39.h4 Nd4 40.Bf2  1-0

[Event "BUL-ch"]
[Site "Elenite"]
[Date "1987.??.??"]
[Round "10"]
[White "Ermenkov, Evgenij"]
[Black "Semkov, Semko"]
[Result "1-0"]
[WhiteElo "2445"]
[BlackElo "2440"]

1.e4 c5 2.Nf3 Nc6 3.Bb5 g6 4.O-O Bg7 5.Re1 e5 6.Bxc6 dxc6 7.d3 Qe7 8.Nbd2 Nh6
9.a3 O-O 10.b4 Rd8 11.bxc5 Qxc5 12.a4 Qe7 13.Ba3 Qc7 14.Qb1 Rb8 15.a5 b6
16.axb6 axb6 17.Bb4 Kh8 18.Bc3 f6 19.d4 exd4 20.Bxd4 Re8 21.Qb2 Ng4 22.h3 Ne5
23.Nxe5 fxe5 24.Bc3 Be6 25.Nf3 Bg8 26.Ra3 b5 27.Qa1 Rb7 28.Bb2 c5 29.Rd1 c4
30.Ra5 b4 31.Rxe5 Rd8 32.Rxd8 Qxd8 33.Rb5 c3 34.Rxb7 cxb2 35.Qb1 Qa8 36.Rxg7 Qa1
37.Rxg8+ Kxg8 38.Nd2 Kf7 39.Kf1 Ke6 40.Ke2 Kd7 41.f4 Kc6 42.Qd1 Qc1 43.g3 Kd7
44.Nb1+ Ke6 45.e5 Ke7 46.Qd6+ Kf7 47.Qd7+  1-0

[Event "Espoo"]
[Site "Espoo"]
[Date "1987.??.??"]
[Round "1"]
[White "Raaste, Eero J"]
[Black "Nikolic, Nebojsa"]
[Result "1-0"]
[WhiteElo "2370"]
[BlackElo "2340"]

1.e4 c5 2.Nf3 Nc6 3.Bb5 g6 4.O-O Bg7 5.c3 Nf6 6.d4 Nxe4 7.d5 Nd6 8.Ba4 Ne5
9.Nxe5 Bxe5 10.Re1 Bf6 11.Bh6 b5 12.Qf3 Nf5 13.Bxb5 Qb6 14.Na3 Bb7 15.Rad1 O-O-O
16.Bf4 d6 17.Qe2 h6 18.g4 Nh4 19.b4 g5 20.Nc4 Qxb5 21.Nxd6+ exd6 22.Qxb5 Nf3+
23.Kf1 gxf4 24.Re4 Ne5 25.bxc5 dxc5 26.Qxc5+ Kb8 27.Rxf4 Bg7 28.Ra4 a6 29.Rb1 Rd7
30.Rxa6 Bf8 31.Qb5 f6 32.f4 Rhh7 33.Rxf6 Be7 34.Re6 Bd8 35.fxe5 Rhf7+ 36.Kg1 Kc8
37.Re8  1-0

[Event "Frunze"]
[Site "Frunze"]
[Date "1987.??.??"]
[Round "?"]
[White "Kuzmin, Gennadi P"]
[Black "Imanaliev, Taalaibek"]
[Result "1-0"]
[WhiteElo "2470"]
[BlackElo "2385"]

1.e4 c5 2.Nf3 Nc6 3.Bb5 d6 4.d4 cxd4 5.Qxd4 Bd7 6.Bxc6 Bxc6 7.Nc3 Nf6 8.Bg5 e6
9.O-O-O Be7 10.Rhe1 O-O 11.Kb1 Qc7 12.Qd2 b5 13.Nd4 Rab8 14.Nxc6 Qxc6 15.f3 b4
16.Ne2 Rfc8 17.Rc1 h6 18.Bf4 e5 19.Bg3 Nd7 20.Bf2 Bg5 21.Be3 Bxe3 22.Qxe3 Nb6
23.b3 d5 24.c3 bxc3 25.Qxc3 Qd6 26.Qd3 d4 27.Rxc8+ Rxc8 28.Rc1 Rc5 29.Rxc5 Qxc5
30.Nc1 Nd7 31.Qc2 Kf8 32.Nd3 Qxc2+ 33.Kxc2 Ke7 34.b4 g6 35.Kb3 Kd6 36.Ka4 Kc6
37.Ka5 Kb7 38.b5 f5 39.a4 fxe4 40.fxe4 Nf6 41.Nxe5 Nxe4 42.Kb4 g5 43.a5 Nd2
44.h3 h5 45.Nf3 Ne4 46.Nxd4 Nf2 47.Kc4 h4 48.Nf5 g4 49.hxg4 Nxg4 50.Nxh4 Ne3+
51.Kc5 Kc7 52.g3 Kb7 53.Nf3 Ng4 54.Kd4 Kc7 55.Ne5 Nf6 56.g4  1-0

[Event "Frunze"]
[Site "Frunze"]
[Date "1987.??.??"]
[Round "?"]
[White "King, Daniel J"]
[Black "Imanaliev, Taalaibek"]
[Result "1-0"]
[WhiteElo "2470"]
[BlackElo "2385"]

1.e4 c5 2.Nf3 Nc6 3.Bb5 d6 4.O-O Bd7 5.c3 a6 6.Ba4 b5 7.Bc2 e5 8.h3 Rc8 9.d4 Nf6
10.d5 Ne7 11.c4 Ng6 12.cxb5 axb5 13.a4 Ra8 14.b3 Be7 15.Na3 O-O 16.Be3 Qb6
17.Nd2 Ne8 18.Nxb5 Bxb5 19.axb5 Rxa1 20.Qxa1 Nc7 21.b4 Qxb5 22.bxc5 Ra8 23.Qc3 dxc5
24.Rb1 Qe8 25.Bxc5 Nb5 26.Qc4 Bxc5 27.Qxc5 Nd4 28.Bd3 Nf4 29.Bf1 h6 30.g3 Ra2
31.Nc4 Ng6 32.Qc7 Kh7 33.Nd6 Qa4 34.Qxf7 Qc2 35.Rb7  1-0

[Event "Arnold Cup"]
[Site "Gausdal"]
[Date "1987.??.??"]
[Round "?"]
[White "Haugli, Petter"]
[Black "Kosten, Anthony C"]
[Result "1/2-1/2"]
[WhiteElo "2340"]
[BlackElo "2440"]

1.e4 c5 2.Nf3 Nc6 3.Bb5 d6 4.O-O Bd7 5.Re1 Nf6 6.c3 a6 7.Bf1 Bg4 8.d4 cxd4
9.cxd4 d5 10.e5 Ng8 11.Be3 e6 12.h3 Bxf3 13.Qxf3 Nge7 14.Nd2 Nf5 15.Nb3 Bb4
16.Red1 O-O 17.Bd3 Qd7 18.g4 Nxe3 19.Qxe3 f6 20.f4 Qc7 21.Rf1 Rae8 22.Kg2 Ba5
23.exf6 Rxf6 24.g5 Rff8 25.Rac1 Bb6 26.Nc5 g6 27.Be2 Bxc5 28.Rxc5 Qb6 29.b3 Qc7
30.Bg4 Qd6 31.Rc2 Re7 32.Re2 Rfe8 33.h4 Qb4 34.Rd1 e5 35.Qf3 e4 36.Qe3 Rf8
37.Rf2 Qd6 38.Rdf1 Nb4 39.f5 gxf5 40.Rxf5 Rxf5 41.Rxf5 Qc7 42.Qf2 Rf7 43.h5 Rxf5
44.Qxf5 Qc2+ 45.Kh3 Qc3+ 46.Kg2 Qd2+ 47.Kh3 Qe3+ 48.Kg2 Qd2+  1/2-1/2

[Event "POL-ch sf"]
[Site "Gdynia"]
[Date "1987.??.??"]
[Round "5"]
[White "Gdanski, Jacek"]
[Black "Pyda, Zbigniew"]
[Result "1-0"]
[WhiteElo "2300"]
[BlackElo "2220"]

1.e4 c5 2.Nf3 Nc6 3.Bb5 g6 4.O-O Bg7 5.c3 Nf6 6.Re1 O-O 7.h3 a6 8.Bf1 e5
9.d3 d5 10.Nbd2 dxe4 11.dxe4 h6 12.Qc2 Be6 13.Bc4 Qe7 14.a4 Rfd8 15.a5 Rd7
16.b3 Rad8 17.Bf1 Nh5 18.Nc4 Bxc4 19.Bxc4 Nf4 20.Bxf4 exf4 21.e5 Kh7 22.e6 Rd6
23.exf7 Qf6 24.Re8 R8d7 25.Rae1 Nxa5 26.Ne5 Rd8 27.Bd3 h5 28.Bxg6+ Kh6 29.Qe2 Qh4
30.Rxd8 Rxd8 31.Bc2 Qf6 32.Qe4 Rh8 33.Ng6 Rd8 34.Nxf4 Qxf7 35.Qh7+ Kg5 36.Ne6+  1-0

[Event "Baden/Wuert-NordD"]
[Site "Germany"]
[Date "1987.??.??"]
[Round "1"]
[White "Arnold, Lothar"]
[Black "Michaelsen, Nils"]
[Result "1-0"]
[WhiteElo "2310"]
[BlackElo "2205"]

1.e4 c5 2.Nf3 Nc6 3.Bb5 g6 4.O-O Bg7 5.c3 Nf6 6.Re1 O-O 7.h3 a6 8.Bxc6 bxc6
9.d4 cxd4 10.cxd4 d6 11.Nc3 Rb8 12.Qc2 h6 13.Bf4 Qb6 14.Na4 Qb5 15.Rac1 Bd7
16.b3 Qh5 17.Nd2 Rb4 18.Nc4 d5 19.Ncb6 Rxd4 20.Nc5 Bc8 21.Be3 Rb4 22.Nxc8 Rxc8
23.e5 Ne4 24.Nxa6 Rb5 25.a4 Rb7 26.f3 Ng5 27.Nc5 Rbb8 28.a5 Ra8 29.b4 Qh4
30.f4 d4 31.Qf2 Qxf2+ 32.Bxf2 Ne6 33.Nxe6 fxe6 34.Bxd4 Kf7 35.Bb6 g5 36.fxg5 hxg5
37.Rc5 g4 38.hxg4 Kg6 39.Rec1 Bh6 40.R1c3 Bd2 41.Rb3 Kg5 42.Rc2 Bf4 43.g3 Bxe5
44.Rc5  1-0

[Event "Halle (Women)"]
[Site "Halle"]
[Date "1987.??.??"]
[Round "9"]
[White "Baumstark, Gertrude"]
[Black "Prudnikova, Svetlana"]
[Result "1/2-1/2"]
[WhiteElo "2225"]
[BlackElo "2095"]

1.e4 c5 2.Nf3 Nc6 3.Bb5 g6 4.O-O Bg7 5.c3 Nf6 6.e5 Nd5 7.d4 cxd4 8.cxd4 O-O
9.Nc3 Nxc3 10.bxc3 d6 11.exd6 Qxd6 12.a4 Bg4 13.Ba3 Qf6 14.Bxc6 Qxc6 15.Ne5 Bxe5
16.Qxg4 Bf6 17.Rfc1 Rfd8 18.Bb2 Qc4 19.Re1 Rd5 20.Qe2 Rc8 21.Qxc4 Rxc4 22.Ra3 Ra5
23.Rea1 e5 24.dxe5 Rxe5 25.g3 Rec5 26.Rc1 Bg5 27.Rd1 Rc7 28.a5 Be7 29.Rb3 Bf6
30.Rd3 R4c5 31.Ra3 Rb5 32.Ra2 Rb3 33.Kg2 Kg7 34.h4 Rc5 35.a6 bxa6 36.Rd7 Rcb5
37.Bc1 a5 38.Rxa7 Bxc3 39.Be3 Rb2 40.Ra4 Rb7 41.R7xa5 Bxa5 42.Bd4+  1/2-1/2

[Event "Halle (Women)"]
[Site "Halle"]
[Date "1987.??.??"]
[Round "10"]
[White "Baumstark, Gertrude"]
[Black "Bos Swiecik, Iwona"]
[Result "1-0"]
[WhiteElo "2225"]
[BlackElo "2200"]

1.e4 c5 2.Nf3 Nc6 3.Bb5 e6 4.Bxc6 bxc6 5.O-O d6 6.d4 cxd4 7.Qxd4 e5 8.Qd3 Be7
9.c4 Nf6 10.Nc3 O-O 11.Bg5 h6 12.Bxf6 Bxf6 13.Rfd1 Be7 14.c5 dxc5 15.Qxd8 Rxd8
16.Nxe5 Rxd1+ 17.Rxd1 Bf6 18.Nxc6 Be6 19.e5 Bg5 20.Nd5 Rf8 21.h4 Bxd5 22.Rxd5 Bc1
23.b3 Ba3 24.Rd7 c4 25.bxc4 a5 26.Nxa5 Rc8 27.Rb7 Rd8 28.Nb3 Bb2 29.f4 Ra8
30.c5 Rxa2 31.c6  1-0

[Event "KRO m"]
[Site "Hilversum"]
[Date "1987.??.??"]
[Round "3"]
[White "Timman, Jan H"]
[Black "Ljubojevic, Ljubomir"]
[Result "1/2-1/2"]
[WhiteElo "2630"]
[BlackElo "2625"]

1.e4 c5 2.Nf3 Nc6 3.Bb5 g6 4.O-O Bg7 5.Re1 a6 6.Bxc6 bxc6 7.d3 e5 8.c3 d6
9.d4 cxd4 10.cxd4 exd4 11.e5 dxe5 12.Nxe5 Be6 13.Nxc6 Qb6 14.Qa4 Qb5 15.Qxb5 axb5
16.Na3 Ne7 17.Nxe7 Kxe7 18.Bg5+ Kd7 19.Nxb5 Rxa2 20.Nxd4 Bxd4 21.Rad1 Rxb2
22.Rxd4+ Kc6 23.Rc1+ Kb7 24.Bd8 Rb5 25.Rd6 h5 26.h3 Re8 27.Kh2 Kb8 28.Kg3 Kb7
29.Kh4 Kb8 30.f4 Kb7 31.Ra1 Bc8 32.Rc1 Be6 33.Rc3 Kb8 34.Re3 Kc8 35.Bf6 Kb7
36.Bd8 Kc8 37.Rc3+ Kb8 38.Rc2 Bf5 39.Rc4 Re4 40.Rxe4 Bxe4 41.g4  1/2-1/2